Evolución geológica de las sierras de curamalal /

Guardado en:
Autor Principal: Calmens, Aurgusto P
Formato: Libro
Publicado: Bahia Blanca : Universidad Nacional del Sur/extensión Cultural, 1962
Materias:
Etiquetas: Agregar Etiqueta
Sin Etiquetas, Sea el primero en etiquetar este registro!
LEADER 00512nam a22001575a 4500
001 CEM.cems015752
005 20100806155036.0
008 130507s1962##################000#0#####d
003 CEMS
082 0 4 |a 558.21 
100 1 |a Calmens, Aurgusto P 
245 1 0 |a Evolución geológica de las sierras de curamalal /  |c Aurgusto P Calmens, 
260 |a Bahia Blanca :  |b Universidad Nacional del Sur/extensión Cultural,  |c 1962 
300 |a 36 p. 
653 |a Geología 
859 |a CEMS  |b BIB. CEMS - 11 de abril  |h 558.21  |i C136  |p 12760.83  |t Ej.1